Drapeaux de pays avec le plus d'étoiles - Statistiques

Statistiques générales
  • Ce quiz a été pris 13 469 fois
    13 224 depuis la dernière actualisation
  • Le résultat moyen est 10 sur 23
Statistiques - réponses
# Pays % Correct
50 Etats-Unis
97%
5 Chine
93%
6 Australie
88%
4 Nouvelle-Zélande
87%
9 Bosnie-Herzégovine
67%
4 États Fédérés de Micronésie
65%
8 Venezuela
52%
5 Honduras
51%
9 Tuvalu
50%
5 Samoa
44%
5 Îles Salomon
31%
27 Brésil
30%
6 Kosovo
29%
12 Ouzbékistan
28%
5 Papouasie-Nouvelle-Guinée
28%
10 Cap-Vert
23%
5 Singapour
20%
5 Turkménistan
20%
7 Tadjikistan
15%
4 Comores
13%
7 Grenade
11%
10 Dominique
7%
6 Guinée Équatoriale
4%
Aucun quiz correspondant
Distribution des résultats
% des personnes avec chaque résultat
Percentile par nombre de réponses
Votre historique - résultats
Vous n’avez pas pris ce quiz depuis la dernière actualisation